Grafické systémy II : Postgraduální studium

Guardado en:
Detalles Bibliográficos
Autor principal: Hudec, Bohuslav (Autor)
Formato: Libro
Lenguaje:checo
Publicado: Praha : České vysoké učení technické v Praze, 1986
Etiquetas: Agregar Etiqueta
Sin Etiquetas, Sea el primero en etiquetar este registro!

MARC

LEADER 00000nam a22000003a 4500
001 stu286951
005 20150617230247.1
008 140321s--------cs------------------cze-d
040 |a STU  |b slo 
041 0 |a cze 
044 |a cs 
100 1 |a Hudec, Bohuslav  |4 aut 
245 1 |a Grafické systémy II :  |b Postgraduální studium 
260 |a Praha :  |b České vysoké učení technické v Praze,  |c 1986 
300 |a 75 s 
996 |b I10009  |l II680  |s A  |a 24  |w stu286951_0001